000 00635nam a22002057a 4500
003 BD-DhJNU
005 20250602035941.0
008 250602b |||||||| |||| 00| 0 eng d
020 _a9789845062299
040 _aBD-DhJNU
_bENG
_cBD-DhJNU
_dBD-DhJNU
082 _223
_a320.095492 JAB
100 _aJahan, Rounaq
245 _aBangladesh politics :
_bproblems and issues /
_cRounaq Jahan
260 _aDhaka :
_bThe University Press,
_c2017.
300 _axv, 307p. :
_bill. ;
_c22 cm.
504 _aIncludes bibliographical references and index
650 _aBangladesh
650 _aPolitics and Government
942 _2ddc
_cBK
_n0
999 _c1756
_d1756